Soil and Water Assessment Tool (SWAT) : global applications; (Record no. 8356)

000 -LEADER
fixed length control field 00340nam a22001337a 4500
020 ## - INTERNATIONAL STANDARD BOOK NUMBER
ISBN RUA057428
040 ## - CATALOGING SOURCE
Transcribing agency KC
082 ## - DEWEY DECIMAL CLASSIFICATION NUMBER
Classification number 551.48 NA
110 ## - MAIN ENTRY--CORPORATE NAME
Corporate name or jurisdiction name as entry element World Association of Soil and water conservation
245 ## - TITLE STATEMENT
Title Soil and Water Assessment Tool (SWAT) : global applications;
260 ## - PUBLICATION, DISTRIBUTION, ETC. (IMPRINT)
Place of publication Dubai
Name of publisher NA
Year of publication NA
300 ## - PHYSICAL DESCRIPTION
Number of Pages 397p.
942 ## - ADDED ENTRY ELEMENTS (KOHA)
Koha item type សៀវភៅភាសាអង់គ្លេស

No items available.

មជ្ឈមណ្ឌលឯការនៃសាកលវិទ្យាល័យភូមិន្ទកសិកម្មចំការដូង

Powered by Koha